00355nam a22000857a 4500008004100000040005500041080002000096245009100116260006200207240911b |||||||| |||| 00| 0 eng d aNational Science LibrarycNational Science Library aR 929(540) bJ9 aNuzhatu'l-khwatir: bBiographies of eminent Indians of the 13th century A.H./19th A.D. aHyderabad: bOsmania Oriental Publications Bureau, c1959